Catálogo

CREDITO Y COBRANZAS : (Registro nro. 10031)

Detalles MARC
000 -LEADER
fixed length control field 00465nam a2200169 a 4500
001 - CONTROL NUMBER
control field 10031
005 - DATE AND TIME OF LATEST TRANSACTION
control field 20180713194054.0
008 - FIXED-LENGTH DATA ELEMENTS--GENERAL INFORMATION
fixed length control field 140415s1987 mx 000 0 spa d
041 ## - LANGUAGE CODE
Language code of text/sound track or separate title spa
082 ## - DEWEY DECIMAL CLASSIFICATION NUMBER
Classification number 658.88
Item number HAY
100 1# - MAIN ENTRY--PERSONAL NAME
Personal name HAYES, STEPHAN
245 10 - TITLE STATEMENT
Title CREDITO Y COBRANZAS :
Remainder of title GUIA PRACTICA
250 ## - EDITION STATEMENT
Edition statement 1a ed.
260 ## - PUBLICATION, DISTRIBUTION, ETC.
Place of publication, distribution, etc. MEXICO :
Name of publisher, distributor, etc. EDICIONES CONTABLES Y ADMINISTRATIVAS,
Date of publication, distribution, etc. 1987
300 ## - PHYSICAL DESCRIPTION
Extent 333
650 14 - SUBJECT ADDED ENTRY--TOPICAL TERM
Topical term or geographic name entry element ADMINISTRACION DE CREDITOS
Existencias
Withdrawn status Lost status Source of classification or shelving scheme Damaged status Not for loan Collection code Home library Current library Shelving location Date acquired Source of acquisition Inventory number Total Checkouts Full call number Barcode Date last seen Price effective from Koha item type
    Dewey Decimal Classification     General Biblioteca Karol Wojtyla Biblioteca Karol Wojtyla Área de silencio 03/12/2013 Compra 151000000000000000030145   658.88 HAY 24694 05/01/2026 03/12/2013 Libro